| 000 | 00505nam a22001697a 4500 | ||
|---|---|---|---|
| 005 | 20251108171914.0 | ||
| 008 | 250721s2003 xx 000 0 ara d | ||
| 082 | 1 | 4 | _aق/مظف |
| 100 | 1 | _aمظفر، مي | |
| 245 | 1 | 0 |
_aبريد الشرق : _bقصص قصيرة / |
| 264 | 1 |
_aعمان : _bالمؤسسة العربية للدراسات والنشر، _c2003. |
|
| 300 | _a121ص. | ||
| 650 | 1 | 7 | _aالأدب العربي |
| 650 | 1 | 7 | _aالقصص العربية |
| 942 |
_2ddc _cBK |
||
| 999 |
_c65626 _d65626 |
||